[Event "Nordstrand GP Langsjakk 2017"]
[Site ""]
[Date "2017.04.23"]
[Round "4"]
[White "Egeland, Finn"]
[Black "Skaslien, Ingrid"]
[Result "1-0"]
[WhiteElo "1961"]
[BlackElo "1755"]
[PlyCount "41"]
[EventDate "2017.??.??"]

1. e4 c5 2. Nf3 e6 3. d4 cxd4 4. Nxd4 a6 5. Bd3 Qc7 6. O-O Nc6 7. Nxc6 bxc6 8.
Re1 d5 9. c4 d4 10. e5 Bb7 11. Nd2 c5 12. f4 Nh6 13. Ne4 Be7 14. Ng3 Bh4 15.
Qh5 Qe7 16. f5 Nxf5 17. Nxf5 exf5 18. g3 Bf6 19. Qxf5 Bh4 20. gxh4 Qxh4 21. Bg5
1-0

[Event "Nordstrand GP Langsjakk 2017"]
[Site "?"]
[Date "2017.04.23"]
[Round "4"]
[White "Haugland, Rasmus L"]
[Black "Hansen, Victor"]
[Result "0-1"]
[WhiteElo "1944"]
[BlackElo "2097"]
[PlyCount "66"]
[EventDate "2017.??.??"]

1. d4 d5 2. Nc3 Nf6 3. Bg5 Bf5 4. f3 Bg6 5. Bxf6 exf6 6. e4 Bb4 7. Bd3 O-O 8.
Nge2 c5 9. dxc5 dxe4 10. fxe4 Bh5 11. O-O Bxc3 12. bxc3 Qc7 13. Qe1 Bxe2 14.
Qxe2 Qxc5+ 15. Kh1 Nc6 16. Rab1 Qxc3 17. Rb3 Qe5 18. Rxb7 Rab8 19. Rfb1 Rxb7
20. Rxb7 Qa1+ 21. Qf1 Qxa2 22. g3 Ne5 23. Qg1 a5 24. Qd4 Qa3 25. Kg2 Qc1 26.
Qc3 Qe3 27. Qxa5 Nxd3 28. cxd3 Qxd3 29. Qb4 Qe2+ 30. Kh3 Qf1+ 31. Kh4 g5+ 32.
Kg4 h5+ 33. Kxh5 Qh3# 0-1

[Event "Nordstrand GP Langsjakk 2017"]
[Site "?"]
[Date "2017.04.23"]
[Round "4"]
[White "Huse, Sigurd Kjelsbøl"]
[Black "Selbekk, Vebjørn"]
[Result "1/2-1/2"]
[WhiteElo "1926"]
[BlackElo "1976"]
[PlyCount "78"]
[EventDate "2017.??.??"]

1. e4 d6 2. d4 Nf6 3. Nc3 g6 4. f3 c6 5. Be3 b5 6. a3 Nbd7 7. Qd2 Nb6 8. d5
cxd5 9. Nxd5 Nbxd5 10. exd5 Bd7 11. Ne2 Bg7 12. Nc3 a6 13. Be2 O-O 14. O-O Rc8
15. Bd4 Bf5 16. Bd3 Bxd3 17. Qxd3 Qc7 18. Rfe1 Rfe8 19. Rad1 Qc4 20. b3 Qc7 21.
Re2 Nh5 22. Re3 Qa5 23. Rde1 Nf4 24. Qd2 Bh6 25. Qf2 e5 26. dxe6 Nxe6 27. Nd5
Bxe3 28. Qxe3 Nxd4 29. Nf6+ Kh8 30. Nxe8 Nf5 31. Qe4 Qc3 32. g4 Qd4+ 33. Kf1 d5
34. Qe2 Ng7 35. Nd6 Rc7 36. Qe5 Qxe5 37. Rxe5 d4 38. Re2 Ne6 39. Rd2 Rd7
1/2-1/2

[Event "Nordstrand GP Langsjakk 2017"]
[Site "?"]
[Date "2017.04.23"]
[Round "4"]
[White "Mirza, Raad"]
[Black "Jashari, Driton"]
[Result "1-0"]
[WhiteElo "1930"]
[BlackElo "1851"]
[PlyCount "94"]
[EventDate "2017.??.??"]

1. e4 c5 2. Nf3 e6 3. d4 cxd4 4. Nxd4 Nc6 5. c3 a6 6. Be3 Nf6 7. Bd3 Ne5 8. Bc2
Nc4 9. Bc1 d5 10. Qe2 Be7 11. b3 Na5 12. e5 Nd7 13. O-O Qc7 14. Bf4 b5 15. Qh5
g6 16. Qh6 Bf8 17. Qh4 Nb6 18. Qf6 Rg8 19. Qh4 h6 20. Bg3 Nc6 21. Nf3 Qd8 22.
Qf4 g5 23. Qg4 Bg7 24. Bd3 Nd7 25. Re1 Nf8 26. Nbd2 Ne7 27. Nd4 Neg6 28. a4 Bd7
29. axb5 axb5 30. Bxb5 Rc8 31. c4 Rh8 32. Qh5 Qc7 33. Ra6 Ke7 34. Bxd7 Nxd7 35.
cxd5 Qc3 36. N2f3 Ngxe5 37. dxe6 Nf6 38. Bxe5 Qxe1+ 39. Nxe1 Nxh5 40. Nf5+ Kf8
41. Bd6+ Ke8 42. Ra7 fxe6 43. Nxg7+ Nxg7 44. Rxg7 Rc6 45. Be5 Rc5 46. Bd4 Rd5
47. Bc3 Rd7 1-0

[Event "Nordstrand GP Langsjakk 2017"]
[Site ""]
[Date "2017.04.23"]
[Round "4"]
[White "Lindbøl, Aleksander"]
[Black "Sebastian, Andreas"]
[Result "1-0"]
[WhiteElo "1971"]
[BlackElo "1810"]
[PlyCount "81"]
[EventDate "2017.??.??"]

1. e4 c5 2. Nf3 e6 3. d4 cxd4 4. Nxd4 Nc6 5. c4 Qc7 6. Nc3 a6 7. Be3 Bb4 8. Be2
Nf6 9. f3 Bxc3+ 10. bxc3 d6 11. O-O O-O 12. Bg5 Nd7 13. Nxc6 Qxc6 14. Be7 Qc5+
15. Qd4 Re8 16. Bxd6 Qh5 17. c5 e5 18. Qe3 Re6 19. Qf2 Rh6 20. g3 Nf6 21. Be7
Qg5 22. Rfd1 Be6 23. Rd8+ Rxd8 24. Bxd8 Qd2 25. Rd1 Qxc3 26. Be7 Nd7 27. f4 f5
28. Bg5 Rh3 29. Kg2 exf4 30. Kxh3 fxe4+ 31. Bg4 Bxg4+ 32. Kxg4 Ne5+ 33. Kh3 Nd3
34. Rxd3 exd3 35. Bxf4 h6 36. Qf3 Qc4 37. Qxb7 Qxc5 38. Qa8+ Kf7 39. Qf3 Qc4
40. Bxh6+ Kg6 41. Bd2
1-0

[Event "Nordstrand GP Langsjakk 2017"]
[Site "?"]
[Date "2017.04.23"]
[Round "4"]
[White "Støre, Trond"]
[Black "Lund, Elin Teresa Stensrud"]
[Result "1-0"]
[WhiteElo "2084"]
[BlackElo "1868"]
[PlyCount "99"]
[EventDate "2017.??.??"]

1. d4 e6 2. g3 f5 3. Bg2 Nf6 4. Nf3 Bb4+ 5. c3 Be7 6. O-O O-O 7. Qb3 d5 8. Bf4
c6 9. Ne5 Qb6 10. Qc2 Na6 11. b4 Nxb4 12. cxb4 Qxd4 13. a3 g5 14. Nf3 Qe4 15.
Qxe4 Nxe4 16. Be5 a5 17. bxa5 Rxa5 18. Nd4 Bd7 19. Nb3 Ra6 20. Rc1 b6 21. e3
Nc5 22. Nxc5 Bxc5 23. Bf1 Ra5 24. Nc3 Ra7 25. a4 Rfa8 26. Rab1 Bc8 27. Bd4 Bxd4
28. exd4 c5 29. dxc5 bxc5 30. Nb5 Rxa4 31. Rxc5 Bd7 32. Rc7 Bxb5 33. Rxb5 R4a7
34. Rc6 Kf7 35. Bd3 h6 36. Kg2 Re7 37. Rd6 Ra3 38. Be2 g4 39. Rbb6 Ra2 40. Ba6
Rc7 41. Rxe6 Rcc2 42. Rf6+ Ke7 43. Rxf5 d4 44. Rxh6 Rc3 45. Rf4 d3 46. Bxd3
Rxd3 47. Rxg4 Rd1 48. Rg7+ Kf8 49. Rb7 Kg8 50. Rg6+ 1-0

[Event "Nordstrand GP Langsjakk 2017"]
[Site "?"]
[Date "2017.04.23"]
[Round "4"]
[White "Mansoor, Afras"]
[Black "Unneland, Mathias"]
[Result "1-0"]
[WhiteElo "2037"]
[BlackElo "1788"]
[PlyCount "95"]
[EventDate "2017.??.??"]

1. d4 d5 2. c4 e6 3. Nc3 Bb4 4. Nf3 Nf6 5. Bg5 h6 6. Bxf6 Qxf6 7. e3 O-O 8. Qb3
Bxc3+ 9. bxc3 c6 10. Be2 Nd7 11. O-O dxc4 12. Bxc4 b5 13. Be2 a6 14. a4 Nb6 15.
c4 Nxc4 16. Bxc4 bxc4 17. Qxc4 a5 18. Rfc1 Ba6 19. Qc5 Rfd8 20. Ne5 Rac8 21.
Qxa5 Bb7 22. Qc5 Rd5 23. Qb6 Ba8 24. Rc5 Rdd8 25. a5 Rb8 26. Qa6 Rb2 27. Qf1
Qe7 28. Qc1 Rdb8 29. Nc4 R2b3 30. Nb6 Qa7 31. h3 Rb5 32. Qc3 Bb7 33. Rc4 Rd8
34. Rc5 Qa6 35. Na4 Rd5 36. Rxd5 exd5 37. Nc5 Qa7 38. Nxb7 Qxb7 39. a6 Qa8 40.
a7 Rb6 41. Qc5 Rb5 42. Qd6 Rb7 43. Qxc6 Rb1+ 44. Rxb1 Qxc6 45. Rb8+ Kh7 46.
a8=Q Qc1+ 47. Kh2 Qc7+ 48. f4 1-0

[Event "Nordstrand GP Langsjakk 2017"]
[Site "?"]
[Date "2017.04.23"]
[Round "4"]
[White "Rukovci, Shemsi"]
[Black "Omtvedt, Per"]
[Result "0-1"]
[WhiteElo "2026"]
[BlackElo "1917"]
[PlyCount "106"]
[EventDate "2017.??.??"]

1. e4 Nf6 2. e5 Nd5 3. d4 d6 4. Nf3 dxe5 5. Nxe5 c6 6. Bd3 Nd7 7. Nf3 N7f6 8.
h3 g6 9. Bd2 Bg7 10. c4 Nc7 11. Bc3 O-O 12. O-O Ne6 13. Re1 Qd6 14. Nbd2 Nf4
15. Bf1 Bf5 16. Qb3 Qc7 17. Bb4 Rfe8 18. Re3 h5 19. Qa3 Ne6 20. Rc1 a5 21. Bc3
Bh6 22. Re5 b6 23. d5 cxd5 24. cxd5 Nc5 25. Bd4 Nfe4 26. Nxe4 Bxc1 27. d6 Qc6
28. Nxc5 Qxd6 29. Nb3 Qxa3 30. bxa3 Bxa3 31. Bxb6 a4 32. Nbd4 Bd6 33. Ra5 Rxa5
34. Bxa5 Bb1 35. Bc4 Ra8 36. Be1 Rc8 37. Nd2 Bb4 38. N4f3 Bc2 39. Kf1 Bxd2 40.
Nxd2 Rxc4 41. Nxc4 Bd3+ 42. Kg1 Bxc4 43. a3 Kg7 44. Bb4 e5 45. f3 Kf6 46. Kf2
Ke6 47. Ke3 f5 48. g3 h4 49. g4 Bf1 50. f4 fxg4 51. hxg4 h3 52. f5+ gxf5 53.
gxf5+ Kxf5 0-1

[Event "Nordstrand GP Langsjakk 2017"]
[Site ""]
[Date "2017.04.23"]
[Round "4"]
[White "Getz, Nicolai"]
[Black "Pronstad, Thomas"]
[Result "1-0"]
[WhiteElo "2403"]
[BlackElo "1876"]
[PlyCount "51"]
[EventDate "2017.??.??"]

1. e4 c6 2. d4 d5 3. Nc3 dxe4 4. Nxe4 Nd7 5. Nf3 Ngf6 6. Ng3 e6 7. Bc4 c5 8.
O-O cxd4 9. Qxd4 Bc5 10. Qh4 b6 11. Bg5 Qc7 12. Nh5 Nxh5 13. Qxh5 Bxf2+ 14.
Rxf2 Qxc4 15. Qxf7+ Kxf7 16. Ne5+ Kg8 17. Nxc4 h6 18. Bh4 Nc5 19. Nd6 Kh7 20.
Rf7 Kg6 21. Raf1 e5 22. Re7 Rd8 23. Nf7 Rd2 24. Nxe5+ Kh7 25. Bf6 Ne6 26. Bxg7
1-0

[Event "Nordstrand GP Langsjakk 2017"]
[Site ""]
[Date "2017.04.23"]
[Round "4"]
[White "Reigstad, Erlend"]
[Black "Kvisla, Johannes Luangtep"]
[Result "1-0"]
[WhiteElo "1576"]
[BlackElo "2318"]
[PlyCount "85"]
[EventDate "2017.??.??"]

1. d4 f5 2. Nf3 e6 3. Bf4 Nf6 4. e3 Be7 5. Nbd2 O-O 6. Bd3 b6 7. c3 Bb7 8. h3
c5 9. O-O Nc6 10. Ne5 Nxe5 11. Bxe5 Qe8 12. Be2 d6 13. Bh2 Qg6 14. Bf3 Ne4 15.
Nxe4 fxe4 16. Bh5 Qh6 17. Bg4 Ba6 18. Be2 Bxe2 19. Qxe2 Rf7 20. Rad1 cxd4 21.
cxd4 Raf8 22. Qc2 d5 23. Bg3 Qg6 24. Qe2 h5 25. Kh1 Qh6 26. Kg1 Qh7 27. Rc1 Qf5
28. h4 Rf6 29. Rc7 Bd8 30. Rxa7 Rg6 31. Bd6 Re8 32. Qb5 Rf8 33. Bxf8 Qxf8 34.
Ra8 Kh7 35. Qe2 Rh6 36. Rc1 Qd6 37. Rcc8 Bxh4 38. Rh8+ Kg6 39. Rxh6+ gxh6 40.
Qb5 Kf5 41. Qe8 Kg4 42. Qg6+ Bg5 43. Re8
1-0

[Event "Nordstrand GP Langsjakk 2017"]
[Site "?"]
[Date "2017.04.23"]
[Round "4"]
[White "Sahl, Sheila Barth"]
[Black "Gonzàles, Francisco Silva"]
[Result "1-0"]
[WhiteElo "2166"]
[BlackElo "2026"]
[PlyCount "119"]
[EventDate "2017.??.??"]

1. e4 e5 2. Nf3 Nc6 3. Bc4 Bc5 4. c3 Qe7 5. d4 Bb6 6. Bg5 Nf6 7. d5 Nb8 8. d6
cxd6 9. O-O d5 10. Bxd5 d6 11. a4 a6 12. Nbd2 O-O 13. Nc4 Bc7 14. b4 Nc6 15. b5
Na5 16. Nfd2 Be6 17. Ne3 h6 18. Bxf6 Qxf6 19. Rb1 axb5 20. Rxb5 Bd7 21. Rb4 Ra7
22. Qe2 Nc6 23. Rb2 Nd8 24. Bb3 Be6 25. Nd5 Bxd5 26. Bxd5 Rxa4 27. Qb5 Ra7 28.
Qd7 b6 29. Nc4 g6 30. Ne3 h5 31. Ra2 Rxa2 32. Bxa2 Bb8 33. Nd5 Qg7 34. Rb1 Kh8
35. Nxb6 Qh6 36. Qe7 Nc6 37. Qf6+ Qg7 38. Qxg7+ Kxg7 39. Bd5 Rd8 40. Bxc6 Ba7
41. Nd5 Rc8 42. Bb5 Bc5 43. Ra1 f5 44. exf5 gxf5 45. Kf1 e4 46. c4 h4 47. h3
Bd4 48. Ra6 Bc5 49. Ne7 Rf8 50. Rc6 Kf6 51. Nc8 Ke5 52. Nb6 Rf7 53. Nd7+ Kd4
54. Nxc5 dxc5 55. Rd6+ Kc3 56. Rd5 f4 57. Rxc5 f3 58. gxf3 Rxf3 59. Re5 Rxh3
60. Rxe4 1-0

[Event "Nordstrand GP Langsjakk 2017"]
[Site "?"]
[Date "2017.04.23"]
[Round "4"]
[White "Kovachev, Daniel Jakobsen"]
[Black "Kakushadze, Ilia"]
[Result "0-1"]
[WhiteElo "2314"]
[BlackElo "2097"]
[PlyCount "80"]
[EventDate "2017.??.??"]

1. d4 d5 2. Nf3 Nf6 3. Nbd2 g6 4. e3 Bg7 5. b4 O-O 6. c4 a5 7. b5 c5 8. dxc5
dxc4 9. Bxc4 Ne4 10. Ba3 Nxd2 11. Nxd2 Bxa1 12. Qxa1 Be6 $11 13. Bxe6 Qd3 14.
c6 Qxa3 15. cxb7 Ra7 16. Bc8 Rd8 17. Kd1 Qb4 18. Qc1 Qxb5 19. Qc7 Qd5 20. Qc3
Ra6 21. Re1 Rad6 22. Re2 Qxa2 23. Qc2 Qa1+ 24. Qc1 Qa4+ 25. Qc2 Qb4 26. Ke1 Na6
27. f3 Nc5 28. Kf2 Nxb7 29. Bxb7 Qxb7 30. Ne4 Rd1 31. Qa4 Qb4 32. Qa2 a4 33. g4
Qb3 34. Qxb3 axb3 35. Nc5 Rb1 36. Na4 Rc8 37. e4 Rc2 38. h4 Rxe2+ 39. Kxe2 b2
40. Nc3 Rc1 0-1

[Event "Nordstrand GP Langsjakk 2017"]
[Site "?"]
[Date "2017.04.23"]
[Round "4"]
[White "Nordquelle, Daniel"]
[Black "Sousa, Ludy Helsio P"]
[Result "0-1"]
[WhiteElo "2094"]
[BlackElo "2152"]
[PlyCount "76"]
[EventDate "2017.??.??"]

1. e4 c5 2. c3 d6 3. d4 Nd7 4. Nf3 Qc7 5. Bd3 g6 6. O-O Bg7 7. Be3 Ngf6 8. h3
a6 9. Qa4 b6 10. Nbd2 Bb7 11. Rfe1 O-O 12. d5 h6 13. Qc2 Rfe8 14. Bc4 Nf8 15.
Bf4 N6d7 16. Bg3 e6 17. dxe6 Nxe6 18. Rad1 Ne5 19. Nxe5 dxe5 20. Nf1 Nf4 21.
Ne3 Rad8 22. Bd5 Nxd5 23. Nxd5 Bxd5 24. Rxd5 Rxd5 25. exd5 c4 26. Rd1 Rd8 27.
Qd2 Qd7 28. Qc2 Rc8 29. f3 Rc5 30. Qd2 Qa4 31. Bf2 Rb5 32. Re1 Qxa2 33. Rd1
Rxb2 34. Qe3 Bf6 35. Rf1 Bh4 36. g3 Bxg3 37. Bxg3 Rg2+ 38. Kh1 Rxg3 0-1

[Event "Nordstrand GP Langsjakk 2017"]
[Site "?"]
[Date "2017.04.23"]
[Round "4"]
[White "Ranaldi, Lucas"]
[Black "Tryggestad, Andreas G"]
[Result "1/2-1/2"]
[WhiteElo "2309"]
[BlackElo "2284"]
[PlyCount "119"]
[EventDate "2017.??.??"]

1. c4 Nf6 2. g3 c6 3. Bg2 d5 4. Nf3 g6 5. b3 Bg7 6. Bb2 O-O 7. O-O a5 8. d3 Na6
9. Nbd2 a4 10. Bc3 Re8 11. b4 b5 12. cxb5 cxb5 13. a3 Bb7 14. Rc1 Rc8 15. Bh3
e6 16. Bd4 Nd7 17. Bxg7 Rxc1 18. Qxc1 Kxg7 19. Qb2+ Qf6 20. Qxf6+ Kxf6 21. Rc1
Rc8 22. Rxc8 Bxc8 23. Nb1 e5 24. Nc3 Nc7 25. d4 e4 26. Bxd7 Bxd7 27. Ne5 Ke7
28. f3 exf3 29. exf3 f6 30. Nd3 Bf5 31. Nc5 Kd6 32. g4 Bc2 33. Kf2 Kc6 34. Ke3
Na8 35. Kd2 Bb3 36. Nxb3 axb3 37. Nb1 Nc7 38. Kc3 Ne6 39. Nd2 b2 40. Kxb2 Nxd4
41. Kc3 Ne6 42. Nb3 $11 g5 43. Kd3 Kd6 44. Nd4 Nxd4 45. Kxd4 h6 46. h3 Kc6 47.
Kc3 Kd7 48. Kb3 d4 49. a4 bxa4+ 50. Kxa4 Kc6 51. b5+ Kc5 52. b6 Kxb6 53. Kb4 d3
54. Kc3 Kc5 55. Kxd3 Kd5 56. Ke3 Ke5 57. Kf2 Kf4 58. Kg2 Ke3 59. Kg3 Ke2 60. f4
1/2-1/2

[Event "Nordstrand GP Langsjakk 2017"]
[Site "?"]
[Date "2017.04.23"]
[Round "5"]
[White "Tryggestad, Andreas G"]
[Black "Getz, Nicolai"]
[Result "1-0"]
[WhiteElo "2284"]
[BlackElo "2403"]
[PlyCount "163"]
[EventDate "2017.??.??"]

1. e4 e5 2. Nf3 Nc6 3. Bb5 a6 4. Bxc6 dxc6 5. O-O Qd6 6. d4 exd4 7. Qxd4 Qxd4
8. Nxd4 Bd7 9. Nc3 O-O-O 10. Be3 Bb4 11. f3 Ne7 12. Rad1 Rhe8 13. Kf2 h6 14.
Nce2 Bd6 15. Rfe1 f5 16. exf5 Nxf5 17. Nxf5 Bxf5 18. c3 c5 19. h4 Rd7 20. Bf4
Be7 21. Rxd7 Kxd7 22. g3 Bf6 23. Nc1 Rg8 24. Be5 Bd8 25. Rd1+ Kc8 26. Nd3 c4
27. Nf4 g5 28. hxg5 hxg5 29. Nd5 c6 30. Ne3 Bd3 31. Rh1 Re8 32. Bd4 Re6 33. Rh8
Kd7 34. f4 gxf4 35. gxf4 Be7 36. f5 Re4 37. Kf3 c5 38. Bg7 Bd6 39. Ng2 Re7 40.
f6 Re5 41. Ne3 Rg5 42. Bh6 Rg3+ 43. Kf2 Rg6 44. Bg7 Be5 45. Rf8 Bg3+ 46. Kf3
Bd6 47. Rf7+ Kc6 48. Bf8 Rg3+ 49. Kf2 Bf4 50. Ng2 Bb8 51. Rg7 Rg6 52. Be7 Be5
53. Rxg6 Bxg6 54. Ke3 Kd7 55. Nf4 Bh7 56. Nh3 Bg6 57. Ng5 b6 58. Nf3 Bg3 59.
Nd2 Be5 60. Nxc4 Bc7 61. Nd2 Bf7 62. a3 Ke6 63. Ne4 Bg6 64. Ng5+ Kd7 65. Kf3
Be5 66. Kg4 c4 67. Nf3 Bc7 68. Kg5 Be4 69. Nd4 Be5 70. Nf5 Ke6 71. Ne3 b5 72.
Ng4 Bc7 73. Bc5 Bd8 74. Bd4 Bf5 75. Ne3 Be4 76. Nf1 Bc7 77. Nd2 Bd3 78. Nf3 Bg3
79. Kh6 Bf4+ 80. Kg7 Be2 81. f7 Bd6 82. Nd2 1-0

[Event "Nordstrand GP Langsjakk 2017"]
[Site "?"]
[Date "2017.04.23"]
[Round "5"]
[White "Omtvedt, Per"]
[Black "Kovachev, Daniel Jakobsen"]
[Result "0-1"]
[WhiteElo "1917"]
[BlackElo "2314"]
[PlyCount "100"]
[EventDate "2017.??.??"]

1. e4 e5 2. Nf3 Nc6 3. Bb5 a6 4. Ba4 Nf6 5. O-O b5 6. Bb3 Be7 7. Re1 d6 8. c3
O-O 9. h3 Na5 10. Bc2 c5 11. d4 Qc7 12. Nbd2 Nc6 13. d5 Nd8 14. Nf1 Ne8 15. a4
Rb8 16. axb5 axb5 17. g4 g6 18. Ng3 Ng7 19. Bh6 f6 20. Kg2 Nf7 21. Be3 Bd7 22.
b3 Ra8 23. Qb1 Rfb8 24. Qb2 Qc8 25. Rxa8 Rxa8 26. Ra1 Rxa1 27. Qxa1 f5 28. gxf5
gxf5 29. exf5 Nxf5 30. Nxf5 Bxf5 31. Bxf5 Qxf5 32. Qd1 Qg6+ 33. Kh2 Qe4 34. Ne1
Bf6 35. Qf3 Qxf3 36. Nxf3 e4 37. Nd2 Bxc3 38. Nxe4 Be5+ 39. Kg2 Kg7 40. Kf3 Kg6
41. Bd2 Kf5 42. Nc3 Bxc3 43. Bxc3 Ne5+ 44. Ke3 b4 45. Ba1 Nd7 46. Bg7 Nb6 47.
Bf8 Nxd5+ 48. Kd3 Ke6 49. Ke4 Nf6+ 50. Kf4 c4 0-1

[Event "Nordstrand GP Langsjakk 2017"]
[Site "?"]
[Date "2017.04.23"]
[Round "5"]
[White "Sousa, Ludy Helsio P"]
[Black "Ranaldi, Lucas"]
[Result "0-1"]
[WhiteElo "2152"]
[BlackElo "2309"]
[PlyCount "108"]
[EventDate "2017.??.??"]

1. e4 c5 2. Nf3 d6 3. d4 cxd4 4. Nxd4 Nf6 5. Nc3 a6 6. Bg5 Nbd7 7. f4 Qc7 8.
Qe2 e6 9. O-O-O Be7 10. g4 b5 11. Bg2 Bb7 12. Rhe1 b4 13. Nd5 Nxd5 14. exd5
Bxg5 15. fxg5 e5 16. Nf5 O-O 17. Qf2 g6 18. Ne7+ Kh8 19. Qh4 Nc5 20. Nc6 Bxc6
21. dxc6 Ne6 22. Qf2 Nf4 23. Be4 a5 24. h4 a4 25. Rd2 b3 26. a3 bxc2 27. Kxc2
Ra5 28. Kb1 d5 29. Bc2 Rb8 30. h5 Qd6 31. Ka1 Rc8 32. Qe3 d4 33. Qe4 Ne6 34.
hxg6 fxg6 35. Rh1 Nxg5 36. Qe3 Qf6 37. Rf2 Qxc6 38. Qe1 Rc5 39. Bb1 Kg7 40.
Rfh2 Qf6 41. Qh4 Rc1 42. Rxc1 Rxc1 43. Rf2 Rh1 44. Qg3 Ne4 45. Rxf6 Nxg3 46.
Re6 e4 47. Ka2 d3 48. Rd6 Rd1 49. g5 Ne2 50. Re6 Nc1+ 51. Ka1 Nb3+ 52. Ka2 d2
53. Rxe4 Rxb1 54. Rxa4 Ra1+ 0-1

[Event "Nordstrand GP Langsjakk 2017"]
[Site "?"]
[Date "2017.04.23"]
[Round "5"]
[White "Al-Tarbosh, Ward"]
[Black "Reigstad, Erlend"]
[Result "1-0"]
[WhiteElo "2219"]
[BlackElo "1576"]
[PlyCount "51"]
[EventDate "2017.??.??"]

1. e4 c5 2. Nf3 Nc6 3. Bb5 d6 4. O-O Bd7 5. Re1 a6 6. Bf1 Nf6 7. c3 e5 8. h3 g5
9. d4 cxd4 10. Bxg5 dxc3 11. Nxc3 h6 12. Bh4 Rg8 13. Kh1 Be7 14. Bxf6 Bxf6 15.
Qxd6 Be7 16. Qxh6 Be6 17. Nd5 Bxd5 18. exd5 Qxd5 19. Rad1 Qxa2 20. Nxe5 Nxe5
21. Rxe5 f6 22. Qxf6 Qf7 23. Qxf7+ Kxf7 24. Bc4+ Kf6 25. Re6+ Kf7 26. Rd7 1-0

[Event "Nordstrand GP Langsjakk 2017"]
[Site "?"]
[Date "2017.04.23"]
[Round "5"]
[White "Kakushadze, Ilia"]
[Black "Sahl, Sheila Barth"]
[Result "1/2-1/2"]
[WhiteElo "2097"]
[BlackElo "2166"]
[PlyCount "134"]
[EventDate "2017.??.??"]

1. e4 c5 2. Nf3 d6 3. d4 cxd4 4. Nxd4 Nf6 5. Nc3 a6 6. Bg5 e6 7. f4 Be7 8. Qf3
Qc7 9. O-O-O Nc6 10. Nxc6 Qxc6 11. Qd3 h6 12. Bh4 g5 13. fxg5 Ng4 14. Qd2 Rg8
15. Be2 hxg5 16. Bxg4 gxh4 17. Qe2 Qc5 18. Kb1 Qg5 19. Bh5 Rg7 20. Rhf1 Rh7 21.
Bg4 Bd7 22. g3 hxg3 23. hxg3 O-O-O 24. Rf4 Kb8 25. Rdf1 f6 26. Qc4 Qe5 27. Qd3
Rh2 28. Ne2 Qc5 29. Nd4 Qc8 30. R4f2 Rxf2 31. Rxf2 Rg8 32. Qe2 Rg5 33. Rh2 Qg8
34. Rh4 Bd8 35. Qd1 Ka7 36. Qh1 Rxg4 37. Rh8 Qg6 38. Rxd8 Qxe4 39. Qxe4 Rxe4
40. c3 Bc6 41. Rxd6 Bd5 42. Kc2 Kb8 43. Rd7 Rg4 44. Rf7 e5 45. Rf8+ Ka7 46. Ne2
Bc4 47. Kd2 Bxa2 48. Rxf6 Bc4 49. Rf3 Kb6 50. Re3 Rg5 51. Ng1 Kc7 52. Nf3 Rxg3
53. Nxe5 Rg2+ 54. Ke1 Bb3 55. Re2 Rg1+ 56. Kf2 Rd1 57. Nf3 Bd5 58. Ne5 Kd6 59.
c4 Bg8 60. b3 Kc5 61. Ke3 Kb4 62. Rg2 Re1+ 63. Kd4 Bh7 64. Rg7 Rd1+ 65. Ke3
Re1+ 66. Kd4 Rd1+ 67. Ke3 Re1+ 1/2-1/2

[Event "Nordstrand GP Langsjakk 2017"]
[Site "?"]
[Date "2017.04.23"]
[Round "5"]
[White "Hansen, Victor"]
[Black "Egeland, Finn"]
[Result "0-1"]
[WhiteElo "2097"]
[BlackElo "1961"]
[PlyCount "178"]
[EventDate "2017.??.??"]

1. d4 Nf6 2. c4 e6 3. Nc3 Bb4 4. Qc2 d5 5. e3 O-O 6. Nf3 c5 7. a3 Bxc3+ 8. bxc3
Qc7 9. Bd3 dxc4 10. Bxc4 b6 11. O-O Bb7 12. Ne5 Nbd7 13. f4 Rac8 14. Qe2 cxd4
15. cxd4 Nxe5 16. dxe5 Qxc4 17. Qxc4 Rxc4 18. exf6 Rfc8 19. Bd2 Rc2 20. Rf2
gxf6 21. g4 Kg7 22. h3 Be4 23. Raf1 f5 24. g5 Kg6 25. Bb4 a5 26. Be7 R2c3 27.
Re1 R8c7 28. Bd8 R7c6 29. Be7 Rd3 30. Rb2 Rc7 31. Bf6 Rxa3 32. Bd8 Rc6 33. Bxb6
a4 34. Bd4 Rb3 35. Ree2 Rc1+ 36. Kf2 Rh1 37. Kg3 Kh5 38. Bf6 Bd5 39. Bd4 a3 40.
Rbc2 Rbb1 41. e4 Bxe4 42. Rc8 Rb3+ 43. Rc3 Rxc3+ 44. Bxc3 Bd5 45. Re1 Rxe1 46.
Bxe1 h6 47. gxh6 Kxh6 48. Bb4 a2 49. Bc3 Kg6 50. Bb2 Bb3 51. Bc3 Bd1 52. Bb2
Kh7 53. Kh4 Kh6 54. Kg3 Be2 55. Bc3 Kh7 56. Bb2 Kg8 57. Kh4 Bf1 58. Kg3 Kf8 59.
h4 Be2 60. Kf2 Bh5 61. Bf6 Ke8 62. Ke3 Kd7 63. Kd3 Kd6 64. Ke3 Kc5 65. Be5 Kc4
66. Kd2 Bg4 67. Bg7 Kd5 68. Ke3 Kd6 69. Bf6 Kd7 70. Kd3 Ke8 71. Ke3 Kf8 72. Kf2
Kg8 73. Kg3 Kh7 74. Bb2 Kg6 75. Bc3 f6 76. Bb2 Bd1 77. Bc3 Kf7 78. Kf2 Ke7 79.
Ke3 Bg4 80. Bb2 Kf7 81. Kf2 e5 82. fxe5 fxe5 83. Bxe5 f4 84. Bb2 Ke6 85. Kf1
Kf5 86. Kf2 Ke4 87. Ba1 Kd3 88. Ke1 Ke3 89. Kf1 f3 0-1

[Event "Nordstrand GP Langsjakk 2017"]
[Site "?"]
[Date "2017.04.23"]
[Round "5"]
[White "Selbekk, Vebjørn"]
[Black "Nordquelle, Daniel"]
[Result "0-1"]
[WhiteElo "1976"]
[BlackElo "2094"]
[PlyCount "96"]
[EventDate "2017.??.??"]

1. Nf3 d5 2. g3 g6 3. Bg2 Bg7 4. d3 e5 5. O-O Ne7 6. e4 d4 7. a4 c5 8. Na3 Be6
9. Nc4 Nbc6 10. Qe2 O-O 11. Ng5 Bxc4 12. dxc4 h6 13. Nf3 Nc8 14. Ne1 Nd6 15.
Nd3 b6 16. b3 Qd7 17. f4 Rae8 18. fxe5 Nxe5 19. Nxe5 Rxe5 20. Bf4 Re7 21. Rae1
Rfe8 22. Bxd6 Qxd6 23. Qd2 Re5 24. Qf4 Qe7 25. Rd1 h5 26. Rd3 Qf8 27. Rdf3 R8e7
28. Qc1 Bh6 29. Qd1 Be3+ 30. Kh1 Qh6 31. h4 Qf8 32. Rf6 Qb8 33. Qf3 Qc7 34. Kh2
Bh6 35. Qd3 Bg7 36. R6f4 Qb7 37. Qf3 R5e6 38. Qd3 Be5 39. R4f2 Rc7 40. Qf3 Re8
41. Qd3 Qc8 42. Bh3 Qd8 43. Qf3 Qxh4 44. Kg2 Qg5 45. Qd3 Rce7 46. Re2 Bb8 47.
Rf3 h4 48. g4 f5 0-1

[Event "Nordstrand GP Langsjakk 2017"]
[Site "?"]
[Date "2017.04.23"]
[Round "5"]
[White "Edvardsen, Ragnar"]
[Black "Støre, Trond"]
[Result "0-1"]
[WhiteElo "1969"]
[BlackElo "2084"]
[PlyCount "122"]
[EventDate "2017.??.??"]

1. e4 c5 2. Nf3 d6 3. d4 cxd4 4. Nxd4 Nf6 5. Nc3 a6 6. Bg5 e6 7. f4 Qb6 8. Bxf6
gxf6 9. a3 Nc6 10. Nxc6 bxc6 11. Be2 Be7 12. Qd2 Qxb2 13. O-O Qb6+ 14. Kh1 Qa5
15. Rfb1 O-O 16. Rb3 f5 17. Qd4 e5 18. fxe5 Qxe5 19. Qxe5 dxe5 20. Bf3 Be6 21.
Rb7 Bc5 22. Na4 Be3 23. exf5 Bxf5 24. Re1 Bxc2 25. Rxe3 Bxa4 26. Rxe5 Rab8 27.
Ree7 Rxb7 28. Rxb7 Re8 29. Kg1 Bb5 30. Rc7 Kg7 31. Bh5 Re1+ 32. Kf2 Rf1+ 33.
Ke3 Rf5 34. Bf3 Rc5 35. Kd4 Rc4+ 36. Ke5 Rc3 37. Kd6 Rxa3 38. Bxc6 Bxc6 39.
Rxc6 Ra2 40. Ke5 a5 41. g4 Rxh2 42. Ra6 Ra2 43. g5 a4 44. Kf4 a3 45. Kg3 Ra1
46. Kg2 Kf8 47. Ra7 Kg7 48. Ra6 a2 49. Kh2 h6 50. gxh6+ Kh7 51. Kg2 f6 52. Kh2
f5 53. Kg2 f4 54. Ra7+ Kxh6 55. Ra6+ Kg5 56. Ra5+ Kh4 57. Ra4 Kg4 58. Ra3 Kf5
59. Ra5+ Ke6 60. Ra6+ Kd5 61. Ra5+ Kc4 0-1

[Event "Nordstrand GP Langsjakk 2017"]
[Site "?"]
[Date "2017.04.23"]
[Round "5"]
[White "Huse, Sigurd Kjelsbøl"]
[Black "Mansoor, Afras"]
[Result "0-1"]
[WhiteElo "1926"]
[BlackElo "2037"]
[PlyCount "96"]
[EventDate "2017.??.??"]

1. e4 Nf6 2. e5 Nd5 3. c4 Nb6 4. d4 d6 5. f4 dxe5 6. fxe5 c5 7. d5 e6 8. Nf3
exd5 9. cxd5 Qxd5 10. Nc3 Qxd1+ 11. Kxd1 Nc6 12. Nb5 Nd5 13. Bc4 a6 14. Bxd5
axb5 15. Bd2 Bf5 16. Ng5 Bg6 17. e6 O-O-O 18. Bxc6 bxc6 19. Nxf7 Bxf7 20. exf7
Be7 21. Kc2 Rhf8 22. Rhf1 Bf6 23. g4 Rd7 24. Rf5 Rfxf7 25. Rxc5 Bxb2 26. Rb1
Rf2 27. Rd1 Kb7 28. h4 Bd4 29. Rf5 Rg2 30. Rf3 c5 31. g5 b4 32. Rd3 c4 33. Rf3
c3 34. Rf4 Kb6 35. h5 Be3 36. g6 hxg6 37. hxg6 Rdxd2+ 38. Rxd2 Bxd2 39. Rf8
Bg5+ 40. Kb3 c2 41. Rb8+ Kc7 42. Rxb4 c1=Q 43. Rc4+ Qxc4+ 44. Kxc4 Bd2 45. Kd5
Rxg6 46. a4 Rf6 47. Ke5 Rf1 48. a5 Bxa5 0-1